The Marketing of Livestock and Meat
Gespeichert in:
| 1. Verfasser: | |
|---|---|
| Format: | Buch |
| Sprache: | Undetermined |
| Veröffentlicht: |
Illinois
the Interstate
1961
|
| Schlagworte: | |
| Tags: |
Tag hinzufügen
Keine Tags, Fügen Sie den ersten Tag hinzu!
|
| Thư viện lưu trữ: | Trung tâm Học liệu Trường Đại học Cần Thơ |
|---|
| LEADER | 00500nam a2200181Ia 4500 | ||
|---|---|---|---|
| 001 | CTU_30126 | ||
| 008 | 210402s9999 xx 000 0 und d | ||
| 082 | |a 381 | ||
| 082 | |b F788 | ||
| 100 | |a Stewart H Fowler | ||
| 245 | 4 | |a The Marketing of Livestock and Meat | |
| 245 | 0 | |c Stewart H Fowler | |
| 260 | |a Illinois | ||
| 260 | |b the Interstate | ||
| 260 | |c 1961 | ||
| 650 | |a marketing,marketing of farm produce | ||
| 904 | |i Lan, 990307 | ||
| 980 | |a Trung tâm Học liệu Trường Đại học Cần Thơ | ||